[Event "Hessen-ch Seniors op 08th"]
[Site "Bad Sooden-Allendorf"]
[Date "2012.04.17"]
[Round "4"]
[White "Luebbers, Doris"]
[Black "Goepfart, Dietrich"]
[Result "1/2-1/2"]
[WhiteElo "1567"]
[BlackElo "1669"]
[PlyCount "57"]
[EventDate "2012.04.14"]
[EventType "swiss"]
[EventRounds "9"]
[EventCountry "GER"]
[SourceTitle "EXT 2019"]
[Source "ChessBase"]
[SourceDate "2018.10.10"]
[SourceVersion "1"]
[SourceVersionDate "2018.10.10"]
[SourceQuality "1"]

1. d4 d5 2. Nf3 Nf6 3. e3 Bd7 4. Bd3 e6 5. Nbd2 Bd6 6. c3 Nc6 7. 0-0 0-0 8. Re1 e5 9. dxe5 Nxe5 10. Nxe5 Bxe5 11. Nf3 Bd6 12. Qc2 h6 13. e4 dxe4 14. Bxe4 Nxe4 15. Qxe4 Bc6 16. Qe2 Re8 17. Be3 Bxf3 18. Qxf3 b6 19. g3 Qd7 20. Red1 Rad8 21. b3 Re6 22. c4 Qe7 23. Qg2 Re8 24. Qf1 a5 25. Rd3 Bc5 26. Bxc5 Qxc5 27. Rd2 Qb4 28. Rad1 Kf8 29. Kg2 1/2-1/2

[Event "GER-ch Seniors 22nd"]
[Site "Berlin"]
[Date "2010.08.17"]
[Round "2"]
[White "Rehder, Frank"]
[Black "Goepfart, Dietrich"]
[Result "1-0"]
[WhiteElo "1694"]
[BlackElo "1423"]
[PlyCount "87"]
[EventDate "2010.08.16"]
[EventType "swiss"]
[EventRounds "9"]
[EventCountry "GER"]
[SourceTitle "CBM 138 Extra"]
[Source "ChessBase"]
[SourceDate "2010.10.29"]
[SourceVersion "1"]
[SourceVersionDate "2010.10.29"]
[SourceQuality "1"]

1. d4 d5 2. Nf3 Nf6 3. b3 e6 4. Bb2 Nbd7 5. e3 a6 6. Bd3 c5 7. 0-0 b5 8. c4 bxc4 9. bxc4 Bb7 10. Nbd2 Bd6 11. Ne5 Qc7 12. f4 Ne4 13. Rc1 Qa5 14. Ndf3 Bxe5 15. fxe5 0-0 16. Qc2 Rac8 17. Rb1 Ba8 18. Rfd1 f5 19. exf6 Ndxf6 20. Qe2 Ng4 21. Bxe4 dxe4 22. Ng5 h5 23. Rf1 Rxf1+ 24. Rxf1 Qc7 25. Rf4 Qe7 26. Nxe4 Bxe4 27. Rxe4 Rf8 28. Rf4 Nf6 29. Ba3 Nd7 30. Qxh5 Rxf4 31. exf4 Qf6 32. Qe8+ Kh7 33. Qxd7 Qf5 34. Bxc5 Qb1+ 35. Kf2 Qxa2+ 36. Kg3 Qxc4 37. Qc6 a5 38. Qf3 Qc2 39. h3 a4 40. h4 Qb3 41. Qxb3 axb3 42. Ba3 Kg6 43. Kf3 Kf7 44. g4 1-0

[Event "GER-ch Seniors Gp-B 18th"]
[Site "Dresden"]
[Date "2006.07.26"]
[Round "5"]
[White "Wilfert, Eva Maria"]
[Black "Goepfart, Dietrich"]
[Result "1/2-1/2"]
[WhiteElo "1484"]
[BlackElo "1314"]
[PlyCount "56"]
[EventDate "2006.07.22"]
[EventType "swiss"]
[EventRounds "9"]
[EventCountry "GER"]
[SourceTitle "EXT 2022"]
[Source "ChessBase"]
[SourceDate "2021.10.06"]
[SourceVersion "1"]
[SourceVersionDate "2021.10.06"]
[SourceQuality "1"]

1. e4 e5 2. Nf3 Nc6 3. Bc4 Nf6 4. Nc3 Na5 5. Be2 d6 6. 0-0 Be7 7. d4 exd4 8. Nxd4 0-0 9. Be3 c5 10. Nf3 a6 11. Qd2 Be6 12. b3 Nc6 13. Ng5 Bc8 14. f4 h6 15. Nf3 Ng4 16. h3 Nxe3 17. Qxe3 Nb4 18. Qd2 b5 19. Nd5 Nxd5 20. Qxd5 Rb8 21. Rad1 Bb7 22. Qd3 Qb6 23. Kh1 Rbd8 24. c4 b4 25. f5 Bf6 26. Nh2 Rfe8 27. Bf3 Bd4 28. Ng4 Qc7 1/2-1/2